Managing project in organizations : How to make the best use of time, techniques, and people
| Main Author: | |
|---|---|
| Format: | Book |
| Published: |
San Francisco, London :
Jossey - Base Publishers ,
1989
|
| Subjects: |
MARC
| LEADER | 00000cam a2200000 7i4500 | ||
|---|---|---|---|
| 001 | 0000003814 | ||
| 005 | 20050430.0 | ||
| 020 | |a 1555420311 | ||
| 040 | |a INS | ||
| 090 | 0 | 0 | |a HD69.P75 |b F72 1989 |
| 100 | 1 | |a Frame, J. Davidson | |
| 245 | 1 | 0 | |a Managing project in organizations : |b How to make the best use of time, techniques, and people |c J. Davidson Frame. |
| 260 | |a San Francisco, London : |b Jossey - Base Publishers , |c 1989 | ||
| 300 | |a 240p. ; |c 23 cm. | ||
| 650 | 0 | 0 | |a Industrial project management |
| 650 | 0 | 0 | |a Management |
| 999 | |a 0000004342 |b BOOK |c Open Shelf |e Default branch | ||